[Event "AUTO-OPEN-4594"]
[Site "http://www.queenalice.com/game.php?id=1864411"]
[Date "2025.10.17"]
[Round "2"]
[White "Zero007"]
[Black "WoodpusherKid"]
[Result "0-1"]
[WhiteElo "2022"]
[BlackElo "2538"]

1. e4 e5 2. Nf3 Nc6 3. Bb5 Nf6 4. O-O Nxe4 5. d4 Nd6 6. dxe5 Nxb5 7. Qd5 a6 8.
c3 d6 9. exd6 Nxd6 10. Bg5 Be7 11. Re1 Be6 12. Bxe7 Qxe7 13. Qg5 g6 0-1

[Event "AUTO-OPEN-4594"]
[Site "http://www.queenalice.com/game.php?id=1864416"]
[Date "2025.10.17"]
[Round "2"]
[White "Zero007"]
[Black "CCapivara"]
[Result "0-1"]
[WhiteElo "2119"]
[BlackElo "2217"]

1. e4 d6 2. d4 Nf6 3. Nc3 c6 4. Bd3 e5 5. dxe5 dxe5 6. a3 Qc7 7. Nge2 Be7 8. O-O
O-O 9. Ng3 Be6 10. Be3 Nbd7 11. h3 Rad8 12. Qe1 b5 13. b4 a6 14. Nce2 c5 15.
bxc5 Nxc5 16. Nc1 Nxd3 17. cxd3 Bc5 18. Qc3 Rc8 19. Bxc5 Qxc5 20. Qxc5 Rxc5 21.
Nge2 Rfc8 22. f4 exf4 23. Nxf4 Bd7 24. Nfe2 Rc2 25. Kf2 h6 26. Ke1 a5 27. Kd1
Rb2 28. Ra2 Rcc2 29. Rxb2 Rxb2 30. Rf2 b4 31. axb4 axb4 32. Ke1 Be6 33. Nd4 Rxf2
34. Kxf2 Nd7 35. Nxe6 fxe6 36. Nb3 Kf7 37. Ke3 e5 38. Kf3 Ke6 39. Ke3 Kd6 40.
Kd2 Nc5 41. Nc1 Ne6 42. Ke3 Nd4 43. Kd2 Kc5 0-1

[Event "AUTO-OPEN-4594"]
[Site "http://www.queenalice.com/game.php?id=1864417"]
[Date "2025.10.17"]
[Round "2"]
[White "CCapivara"]
[Black "Zero007"]
[Result "1-0"]
[WhiteElo "2295"]
[BlackElo "2058"]

1. e4 c6 2. d4 d5 3. exd5 cxd5 4. Nf3 Nf6 5. Bd3 Nc6 6. c3 Bg4 7. O-O e6 8. Bg5
Be7 9. Nbd2 h6 10. Bh4 g5 11. Bg3 Bd6 12. Qa4 O-O 13. Ne5 Bxe5 14. dxe5 Nh5 15.
Qxg4 Ng7 16. h4 Kh8 17. hxg5 Qxg5 18. Qe2 Nf5 19. Nf3 Nxg3 20. fxg3 Qxg3 21.
Rae1 f5 22. exf6 Rxf6 23. Nh2 Raf8 24. Rxf6 Rxf6 25. Nf1 1-0

[Event "Challenge"]
[Site "http://www.queenalice.com/game.php?id=1864481"]
[Date "2025.10.19"]
[Round "-"]
[White "Zero007"]
[Black "Capixaba789"]
[Result "1-0"]
[WhiteElo "2037"]
[BlackElo "1923"]

1. Nf3 d5 2. c4 d4 3. g3 Nf6 4. d3 c5 5. Bg2 e6 6. O-O Be7 7. Re1 O-O 8. Na3 Nc6
9. Nc2 Qc7 10. b3 Bd6 11. e3 e5 12. h3 Be6 13. Ng5 Bd7 14. e4 Rad8 15. Nf3 Qc8
16. Kh2 Ne7 17. Bg5 Ng6 18. a3 Rde8 19. Qd2 b6 20. b4 Bc6 21. b5 Bd7 22. Nh4
Nxh4 23. Bxf6 Nxg2 24. Qg5 1-0

[Event "Challenge"]
[Site "http://www.queenalice.com/game.php?id=1864482"]
[Date "2025.10.19"]
[Round "-"]
[White "Capixaba789"]
[Black "Zero007"]
[Result "0-1"]
[WhiteElo "1898"]
[BlackElo "2048"]

1. d4 d5 2. Nc3 Nf6 3. f4 Bf5 4. Nf3 e6 5. e3 c6 6. Bd3 Ne4 7. O-O h5 8. Ne5 f6
9. Nf3 h4 10. h3 Nd7 11. Bxe4 Bxe4 12. Bd2 Bd6 13. Qe1 Bxf3 14. Rxf3 Qe7 15. e4
O-O-O 16. e5 fxe5 17. fxe5 Bc7 18. Bf4 Rdf8 19. Qe3 g5 20. Bh2 Rxf3 21. Qxf3 Rf8
22. Qg4 Qf7 23. Qe2 Bb6 24. Rd1 a6 25. Kh1 Qf2 26. Qxf2 Rxf2 0-1

[Event "Tá chovendo aí? "]
[Site "http://www.queenalice.com/game.php?id=1865671"]
[Date "2025.11.16"]
[Round "-"]
[White "Zero007"]
[Black "Capixaba789"]
[Result "1-0"]
[WhiteElo "2067"]
[BlackElo "1753"]

1. e4 Nf6 2. Nc3 e5 3. Nf3 d6 4. Be2 Be7 5. O-O c5 6. h3 Nc6 7. Re1 Be6 8. d3
Nd4 9. Be3 O-O 10. a4 a5 11. Nb5 b6 12. Bf1 Qd7 13. c4 Rfe8 14. Ng5 Rab8 15. f4
Nc6 16. f5 Bxf5 17. exf5 Qxf5 18. Qf3 Qd7 19. Ne4 Nd4 20. Bxd4 exd4 21. Nxf6+
Bxf6 22. g3 Rxe1 23. Rxe1 h6 24. Qf4 Be5 25. Qf3 Re8 26. Bg2 f6 27. Kf2 Kh8 28.
Re4 1-0

[Event "Tá ventando aqui."]
[Site "http://www.queenalice.com/game.php?id=1865672"]
[Date "2025.11.16"]
[Round "-"]
[White "Capixaba789"]
[Black "Zero007"]
[Result "1/2-1/2"]
[WhiteElo "1731"]
[BlackElo "2090"]

1. d4 d5 2. Nc3 Nf6 3. f4 Bf5 4. e3 e6 5. Nf3 Be7 6. Bd3 Ne4 7. O-O O-O 8. Ne5
f6 9. Nf3 Nd7 10. Qe1 c5 11. Bd2 c4 12. Bxe4 Bxe4 13. Rc1 a6 14. Kh1 b5 15. Nxe4
dxe4 16. Ng1 f5 17. Ne2 Nf6 18. c3 h5 19. b4 a5 20. a3 axb4 21. axb4 Ra2 22. Qd1
Nd5 23. Ng3 g6 24. Ra1 Qa8 25. Rxa2 Qxa2 26. Qc1 Ra8 27. h3 Qa3 28. Qxa3 Rxa3
29. Rc1 Bh4 30. Nf1 Be7 1/2-1/2

[Event "AUTO-OPEN-4611"]
[Site "http://www.queenalice.com/game.php?id=1866428"]
[Date "2025.12.1"]
[Round "2"]
[White "Zero007"]
[Black "IranSilva"]
[Result "0-1"]
[WhiteElo "2102"]
[BlackElo "2269"]

1. e4 e5 2. Nf3 Nc6 3. Bb5 a6 4. Ba4 b5 5. Bb3 Na5 6. Bxf7+ Kxf7 7. Nxe5+ Ke6 8.
Qg4+ Kxe5 9. Qf5+ Kd6 10. Qd5+ Ke7 11. Qxa8 Bb7 12. Qa7 Qa8 13. Qxa8 Bxa8 14.
O-O d6 15. d3 g6 16. Bd2 Nc6 17. Bc3 Nf6 18. a3 Bg7 19. Nd2 Rf8 20. f4 Bh6 21.
e5 dxe5 22. fxe5 Ng4 23. Rxf8 Kxf8 24. e6 Be3+ 25. Kf1 Nxh2+ 0-1

[Event "AUTO-OPEN-4611"]
[Site "http://www.queenalice.com/game.php?id=1866429"]
[Date "2025.12.1"]
[Round "2"]
[White "IranSilva"]
[Black "Zero007"]
[Result "1-0"]
[WhiteElo "2284"]
[BlackElo "2112"]

1. Nf3 Nf6 2. g3 g6 3. Bg2 Bg7 4. O-O O-O 5. d4 d5 6. Nc3 a6 7. b3 h6 8. Bb2 b5
9. Ne5 e6 10. a3 Bb7 11. Rc1 Nbd7 12. Nd3 Rb8 13. Re1 Re8 14. e4 dxe4 15. Nxe4
Nxe4 16. Bxe4 Bxe4 17. Rxe4 Nf6 18. Re1 Nh7 19. Ne5 Bxe5 20. Rxe5 f6 21. Re1 Rb6
22. Qg4 Kf7 23. Rcd1 Rd6 24. c4 bxc4 25. bxc4 1-0

[Event "AUTO-OPEN-4598"]
[Site "http://www.queenalice.com/game.php?id=1866680"]
[Date "2025.12.7"]
[Round "2"]
[White "Zero007"]
[Black "IranSilva"]
[Result "0-1"]
[WhiteElo "2105"]
[BlackElo "2251"]

1. e4 e5 2. Nf3 Nc6 3. Bb5 a6 4. Ba4 b5 5. Bb3 Na5 6. O-O d6 7. d4 Nxb3 8. axb3
Bg4 9. dxe5 Bxf3 10. Qxf3 dxe5 11. Nc3 Nf6 12. Rd1 Qc8 13. Qd3 Bd6 14. Nd5 Nxd5
15. exd5 O-O 16. f3 f5 17. Be3 Qe8 18. c4 Qh5 19. Qe2 e4 0-1

[Event "AUTO-OPEN-4598"]
[Site "http://www.queenalice.com/game.php?id=1866681"]
[Date "2025.12.7"]
[Round "2"]
[White "IranSilva"]
[Black "Zero007"]
[Result "1-0"]
[WhiteElo "2210"]
[BlackElo "2124"]

1. Nf3 Nf6 2. g3 g6 3. Bg2 Bg7 4. O-O O-O 5. c4 c5 6. Nc3 d6 7. d3 Nc6 8. Bd2 a6
9. a4 e6 10. Qc1 Na5 11. Ra3 Nc6 12. Ng5 Rb8 13. Nge4 Re8 14. Bg5 1-0

[Event "AUTO-OPEN-4598"]
[Site "http://www.queenalice.com/game.php?id=1866682"]
[Date "2025.12.7"]
[Round "2"]
[White "Zero007"]
[Black "bmax"]
[Result "1/2-1/2"]
[WhiteElo "2096"]
[BlackElo "2282"]

1. e4 c6 2. d4 d5 3. Nd2 dxe4 4. Nxe4 Bf5 5. Ng3 Bg6 6. Nf3 Nd7 7. Bd3 Ngf6 8.
O-O e6 9. b3 Bd6 10. Bb2 O-O 11. Bxg6 fxg6 12. Re1 Re8 13. c4 b5 14. Ne5 bxc4
15. bxc4 Qa5 16. Nxc6 Qb6 17. c5 Qxc6 18. cxd6 Qxd6 19. Ne4 1/2-1/2

[Event "AUTO-OPEN-4606"]
[Site "http://www.queenalice.com/game.php?id=1866934"]
[Date "2025.12.12"]
[Round "2"]
[White "Zero007"]
[Black "IranSilva"]
[Result "1/2-1/2"]
[WhiteElo "2105"]
[BlackElo "2255"]

1. e4 e5 2. Nc3 Bc5 3. Nf3 d6 4. Na4 Bb6 5. Nxb6 axb6 6. d4 Bg4 7. dxe5 Bxf3 8.
Qxf3 dxe5 9. Bc4 Nf6 10. Bg5 Nbd7 11. O-O h6 12. Be3 O-O 13. h3 Nc5 14. Bxc5
bxc5 15. Rfe1 Qd4 16. b3 c6 17. Rad1 Qb2 18. Rd6 Nh7 19. Qg3 Kh8 20. a4 b5 21.
axb5 cxb5 22. Bxb5 Ra1 23. Rxa1 Qxa1+ 24. Kh2 Ng5 25. Bd3 Qe1 26. f3 Qc3 27. f4
exf4 28. Qxf4 f6 29. e5 Qxe5 30. Qxe5 fxe5 31. Bc4 Re8 32. Rd1 e4 33. Re1 g6 34.
h4 Nh7 35. Bf7 Re5 36. Bxg6 Nf6 37. Kg3 Kg7 38. h5 Rg5+ 39. Kf2 1/2-1/2

[Event "AUTO-OPEN-4606"]
[Site "http://www.queenalice.com/game.php?id=1866935"]
[Date "2025.12.12"]
[Round "2"]
[White "IranSilva"]
[Black "Zero007"]
[Result "1-0"]
[WhiteElo "2231"]
[BlackElo "2115"]

1. Nf3 Nf6 2. g3 d5 3. d4 c5 4. c3 e6 5. Bg2 Nc6 6. Bg5 h6 7. Bxf6 Qxf6 8. O-O
c4 9. Nbd2 Bd6 10. e4 dxe4 11. Nxe4 Qd8 12. Nxd6+ Qxd6 13. Re1 O-O 14. Ne5 Rb8
15. Nxc4 Qc7 16. Ne5 1-0

[Event "AUTO-OPEN-4606"]
[Site "http://www.queenalice.com/game.php?id=1866937"]
[Date "2025.12.12"]
[Round "2"]
[White "cerenzo72"]
[Black "Zero007"]
[Result "0-1"]
[WhiteElo "2189"]
[BlackElo "2110"]

1. c4 c5 2. Nf3 Nf6 3. g3 b6 4. Bg2 Bb7 5. O-O e6 6. Nc3 Be7 7. d4 cxd4 8. Qxd4
Bc5 9. Qd3 Qc7 10. Bg5 Be7 11. Nb5 Qd8 12. Bf4 Na6 13. Bd6 O-O 14. Bxe7 Qxe7 15.
Nd6 Nc5 16. Qd2 Nce4 17. Qd1 Nxd6 18. Qc2 Rfc8 19. b3 Rab8 20. Rad1 a5 21. Ne5
Bxg2 22. Kxg2 a4 23. f3 axb3 24. axb3 Nf5 25. Qc3 Nd5 26. Rxd5 exd5 27. e4 d4
28. Qd3 Ne3+ 0-1